Research management in Forestry (Record no. 305733)
[ view plain ]
| 000 -LEADER | |
|---|---|
| fixed length control field | 00429nam a2200193Ia 4500 |
| 008 - FIXED-LENGTH DATA ELEMENTS--GENERAL INFORMATION | |
| fixed length control field | 141004s9999 xx 000 0 und d |
| 040 ## - CATALOGING SOURCE | |
| Transcribing agency | a |
| 041 ## - LANGUAGE CODE | |
| Language code of text/sound track or separate title | English |
| 082 ## - DEWEY DECIMAL CLASSIFICATION NUMBER | |
| Classification number | 1.42 |
| 082 ## - DEWEY DECIMAL CLASSIFICATION NUMBER | |
| Item number | FAO/RE |
| 100 ## - MAIN ENTRY--PERSONAL NAME | |
| Personal name | FAO |
| 245 ## - TITLE STATEMENT | |
| Title | Research management in Forestry |
| 245 ## - TITLE STATEMENT | |
| Statement of responsibility, etc. | FAO |
| 260 ## - PUBLICATION, DISTRIBUTION, ETC. (IMPRINT) | |
| Name of publisher, distributor, etc. | IBD |
| 260 ## - PUBLICATION, DISTRIBUTION, ETC. (IMPRINT) | |
| Date of publication, distribution, etc. | 1998 |
| 365 ## - TRADE PRICE | |
| Price type code | Rs. 475 |
| 501 ## - WITH NOTE | |
| With note | KAUCOF |
| 942 ## - ADDED ENTRY ELEMENTS (KOHA) | |
| Koha item type | Books (General) |
| Withdrawn status | Lost status | Damaged status | Not for loan | Collection code | Home library | Current library | Shelving location | Coded location qualifier | Cost, normal purchase price | Total Checkouts | Full call number | Barcode | Date last seen | Price effective from | Koha item type |
|---|---|---|---|---|---|---|---|---|---|---|---|---|---|---|---|
| College of Forestry, Vellanikkara | College of Forestry, Vellanikkara | . | 475.00 | 1.42 FAO/RE | KAU_COF-5007 | 04/10/2014 | 04/10/2014 | Books (General) |
